LEADER 01659oam 2200421z- 450 001 9910148675903321 005 20171017114136 010 $a9782806107978 010 $a2806107970 035 $a(CKB)3810000000042210 035 $a(VLeBooks)9782806107978 035 $a(FR-PaCSA)88842170 035 $a(FRCYB88842170)88842170 035 $a(Perlego)3108915 035 $a(EXLCZ)993810000000042210 100 $a20260304d2015 u| | 101 0 $afre 135 $aurun| ||||| 181 $ctxt$2rdacontent 182 $cc$2rdamedia 183 $acr$2rdacarrier 200 10$aIntempestive éternité /$fBourgine, Benoît [and others] 210 1$aLouvain-la-Neuve, Belgique$cAcademia$d2015 215 $a1 online resource (1 p.) 225 $aIntellection 311 08$a9782806102324 311 08$a2806102324 330 $aLe rapport au temps est revelateur d'un art de vivre, d'une epoque, d'une civilisation. On a ainsi pu caracteriser le mode de vie occidental par la modalite du presentisme (F. Hartog) ou de l'acceleration (H. Rosa) pour decrire la dictature d'un present qui accapare, en un monde de flux continus. Et si, a contretemps, l'on conviait l'idee d'eternite ? Tel est le defi releve par des specialistes de sciences des religions, de theologie, de philosophie, de litterature et de cinema. 606 $aEternity$vCongresses 615 0$aEternity 700 $aBourgine$b Benoît$01799062 701 $aScolas$b Paul$01799063 701 $aFamerée$b Joseph$0421073 801 0$bFR-PaCSA 906 $aBOOK 912 $a9910148675903321 996 $aIntempestive éternité$94342206 997 $aUNINA